000 00481nam a2200169 i 4500
001 99405
003 ES-MaACL
005 20250823063055.0
007 t|
008 050908s1977 sp ||||1| spa d
100 0 _aMartín Santos, Luis,
_d1921-1988
_977652
245 1 0 _aTeoría marxista de la revolución /
_cLuis Martín Santos.
260 _aMadrid :
_bAkal,
_c1977.
300 _a199 p. ;
_c22 cm.
852 _aES-MaACL
_jA-7335
_bR.96147
999 _c99405
_d99405